00389nam a2200157Ia 4500003000400000008004100004040001600045082001200061100001900073245004600092260004200138300000800180650001600188650001500204650001200219GCL140319s9999 xx 000 0 eng d aGCL / cGCL04a110bKL1 aKANT, EMMANUEL10aLECONS DE METAPHYSIQUE / cKANT, EMMANUEL a[S.N] : bLE LIVRE DE POCHE ، c1993 a47404aMETAPHYSICS04aPHILOSOPHY04aHISTORY